Fake Adverbs Quiz Stats

 Plays Quiz not verified by Sporcle

Also try: Taking a 'P'
Challenge
Share
Tweet
Embed
Score 0/20 Timer 05:00
0 Plays Today
Fake Adverb Clue Fake Adverb % Correct
In the manner of a hearing organear-ly
93.1%
In the manner of off's oppositeon-ly
70.3%
In the manner of a prostitute's bosspimp-ly
69.7%
In the manner of where you livehome-ly
68.6%
In the manner of the Crips or the Bloodsgang-ly
65.1%
In the manner of a verb to arrivecome-ly
57.1%
In the manner of a pome fruitpear-ly
57.1%
In the manner of the note to follow dore-ly
56.6%
In the manner of a verb to increase in sizegrow-ly
54.3%
In the manner of a fortified wineport-ly
54.3%
Fake Adverb Clue Fake Adverb % Correct
In the manner of a Teletubbypo-ly
49.7%
In the manner of an agentrep-ly
45.1%
In the manner of a logic gateor-ly
37.1%
In the manner of a small computer programapp-ly
36.6%
In the manner of a free ticket to a showcomp-ly
36.6%
In the manner of a pickled sushi condimentginger-ly
33.7%
In the manner of a mischievous childimp-ly
31.4%
In the manner of a senator or governorpol-ly
27.4%
In the manner of vomitbarf-ly
22.9%
In the manner of a bird's gulletcraw-ly
13.1%

You're not logged in!

Compare scores with friends on all Sporcle quizzes.
OR
Log In

You Might Also Like...

Show Comments

Extras

Created Feb 23, 2011ReportNominate
Tags:Definition Quiz, adverb, fake

Top Quizzes Today


Score Distribution

Your Account Isn't Verified!

In order to create a playlist on Sporcle, you need to verify the email address you used during registration. Go to your Sporcle Settings to finish the process.

Report this User

Report this user for behavior that violates our Community Guidelines.

Details: